Vida de don Quijote y Sancho

Gorde:
Xehetasun bibliografikoak
Egile nagusia: Unamuno, Miguel de (Egilea)
Formatua: Liburua
Hizkuntza:gaztelania
Argitaratua: Buenos Aires Espasa-Calpe 1938
Saila:Colección Austral, 33
Gaiak:
Etiketak: Etiketa erantsi
Etiketarik gabe, Izan zaitez lehena erregistro honi etiketa jartzen!

MARC

LEADER 00000nam a2200000 a 4500
001 UCY9771
003 CL-VaPUC
008 950720e19380000AG |||||||||||||||||spa|d
082 0 4 |a 863.09  |b UNA  |2 21 
100 0 |a Unamuno, Miguel de  |e author  |9 312478 
245 1 0 |a Vida de don Quijote y Sancho 
300 |a 284 p 
942 |c BK 
945 |d 19950720 00:00:00  |a rbrito 
260 |a Buenos Aires  |b Espasa-Calpe  |c 1938 
650 0 |a Literatura española  |9 306261 
650 7 |a NOVELAS ESPAÑOLA  |2 CL-VaPUC  |9 342316 
650 0 |a Crítica e interpretación   |9 255042 
583 |a last modification  |c 19950720 00:00:00  |k Rodrigo Vera 
490 0 |a Colección Austral, 33 
999 |c 236809  |d 236807 
952 |0 0  |1 0  |4 0  |6 863_090000000000000_UNA_1938  |7 0  |8 A  |9 245145  |a BIBEDU  |b BIBEDU  |d 2019-11-18  |i 3100103  |o 863.09 UNA 1938  |p 3100103  |r 2019-11-18  |w 2019-11-18  |y BK  |k LIT